El castillo del odio

Gardado en:
Detalles Bibliográficos
Autor Principal: Cronin, Archibald Joseph (Author)
Formato: Libro
Idioma:Lingua castelá
Publicado: Buenos Aires Claridad 1959
Edición:10a. ed
Series:Biblioteca de Grandes Novelas, 8
Subjects:
Tags: Engadir etiqueta
Sen Etiquetas, Sexa o primeiro en etiquetar este rexistro!

MARC

LEADER 00000nam a2200000 a 4500
001 UCI4551
003 CL-VaPUC
008 080125e19590000AG |||||||||||||||||spa|d
082 0 4 |a 823  |b CRO  |2 21 
100 0 |a Cronin, Archibald Joseph  |e author  |9 526501 
245 1 3 |a El castillo del odio 
250 |a 10a. ed 
300 |a 526 p 
942 |c BK 
945 |d 20080125 00:00:00  |a rbrito 
260 |a Buenos Aires  |b Claridad  |c 1959 
500 |a Donación Padres Capuchinos 
650 0 |a Novelas inglesas  |9 265220 
583 |a last modification  |c 20080125 00:00:00  |k Rodrigo Vera 
490 0 |a Biblioteca de Grandes Novelas, 8 
999 |c 328455  |d 328453 
952 |0 0  |1 0  |4 0  |6 823_000000000000000_CRO_1959  |7 0  |8 X  |9 412376  |a FDOBUD  |b FDOBUD  |d 2019-11-22  |i 4406974  |o 823 CRO 1959  |p 4406974  |r 2019-11-22  |w 2019-11-22  |y BK_X  |k BUD